Countries with a "W" - Statistics

General Stats
  • This quiz has been taken 59 times
  • The average score is 8 of 12
Answer Stats
Answer % Correct
Sweden
82%
Switzerland
80%
New Zealand
73%
Zimbabwe
71%
Malawi
69%
Eswatini
67%
Rwanda
65%
Botswana
61%
Taiwan
61%
Norway
59%
Papua New Guinea
47%
Kuwait
43%
No matching quizzes found
Score Distribution
Percent of People with Each Score
Percentile by Number Answered
Your Score History
You have not taken this quiz